Yasmim quiz - Statistics

General Stats
  • This quiz has been taken 4 times
  • The average score is 27 of 34
Answer Stats
Question Answer % Correct
Data de niver 1 de novembro de 2008
100%
Bailarina da..... Afro ritmus
100%
Música fav (sem ser blackpink) Dandelions
100%
Série gore fav Garota de fora
100%
Idioma mais falado sem ser portugues Ingles
100%
Jimin, jisoo, suga, jungkook Jisoo
100%
Quais desses famosos ela segue? Kylliejenner
100%
Fruta favorita Morango
100%
Se pudesse viver em um filme viveria em qual? My little pony (cringe)
100%
Musica fav da ariana grande Nenhuma
100%
Bio Nenhuma das anteriores
100%
Qual desses não e da Yasmim? Oi?
100%
Em que igreja ela dançou? Paroquia nossa senhora
100%
"Isabelly vamos bater no seu..... Portão
100%
Cor favorita Preto
100%
Melhor dia Quando ganhou o tijolão dela
100%
Música fav blackpink Ready for love
100%
Jogo fav Roblox
100%
Ship que ela odeia Todos
100%
Música que dá ânsia de vomito Xo ver nenhuma
100%
Frase do whatsapp You are my universe
100%
Maior sonho Aprender a tocar piano
50%
Animal que ela detesta Aranha
50%
Pior alergia Cloro
50%
Qual país ela gostaria de viajar Franca
50%
Animal fav Gato
50%
Best friend Isabelly
50%
Famoso que ela nunca seguiria Luisa sonsa
50%
Mania Manter tudo organizado
50%
Música que deixa ela calma Never be the same
50%
Porque a conta dela e pv Para ela decidir quem pode seguir
50%
Pior pesadelo Paralisia do sono
50%
Oque ela fez para ir para diretoria Traduzir uma bio
50%
"nossa senhora tá mais longe.... Que o dia deu morrer
0%
No matching quizzes found
Score Distribution
Percent of People with Each Score
Percentile by Number Answered
Your Score History
You have not taken this quiz